000 00284nam a22001337a 4500
008 170307b xxu||||| |||| 00| 0 eng d
020 _a9781416047025
041 _aeng
080 _a611
100 _a6
101 _ashm
245 _aANATOMY COLORING BOOK
_cNETTER
942 _2udc
_cBK
999 _c6994
_d6994